Principles of plant nutrition

Na minha lista:
Detalhes bibliográficos
Autor principal: Konrad Mengel
Formato: Livro
Idioma:Undetermined
Publicado em: Switzelend International Potash Institute 1982
Assuntos:
Tags: Adicionar Tag
Sem tags, seja o primeiro a adicionar uma tag!
Thư viện lưu trữ: Trung tâm Học liệu Trường Đại học Cần Thơ
LEADER 00512nam a2200181Ia 4500
001 CTU_29976
008 210402s9999 xx 000 0 und d
082 |a 581.13 
082 |b M544 
100 |a Konrad Mengel 
245 0 |a Principles of plant nutrition 
245 0 |c Konrad Mengel, Ernest A Kirkby 
260 |a Switzelend 
260 |b International Potash Institute 
260 |c 1982 
650 |a plants - nutrition 
904 |i Liên, 990121 
980 |a Trung tâm Học liệu Trường Đại học Cần Thơ